[Event "POL-ch Rapid U18"]
[Site "Bydgoszcz"]
[Date "2023.08.29"]
[Round "1"]
[White "Ratajczak, Hubert"]
[Black "Rojecki, Dawid"]
[Result "1-0"]
[WhiteElo "1934"]
[BlackElo "1238"]
[PlyCount "49"]
[EventDate "2023.08.28"]
[EventType "swiss"]
[EventRounds "11"]
[EventCountry "POL"]
[SourceTitle "EXT 2024"]
[Source "ChessBase"]
[SourceDate "2023.10.10"]
[SourceVersion "1"]
[SourceVersionDate "2023.10.10"]
[SourceQuality "1"]

1. c4 c5 2. Nf3 Nf6 3. Nc3 Nc6 4. d4 d5 5. cxd5 Nxd5 6. e3 Nxc3 7. bxc3 Bg4 8. Be2 Bxf3 9. Bxf3 e6 10. Rb1 b6 11. Bxc6+ Ke7 12. Bxa8 Qxa8 13. Qf3 Qb8 14. 0-0 f5 15. dxc5 bxc5 16. Rxb8 g5 17. e4 g4 18. Qf4 h5 19. exf5 Bh6 20. Qc7+ Kf6 21. Rxh8 Bxc1 22. Rf8+ Kg5 23. fxe6 g3 24. Qxg3+ Kh6 25. Rh8# 1-0

[Event "Bydgoszcz op-A"]
[Site "Bydgoszcz"]
[Date "2023.06.25"]
[Round "2"]
[White "Mulawa, Cyprian"]
[Black "Ratajczak, Hubert"]
[Result "1/2-1/2"]
[WhiteElo "2175"]
[BlackElo "1958"]
[PlyCount "52"]
[EventDate "2023.06.24"]
[EventType "swiss"]
[EventRounds "9"]
[EventCountry "POL"]
[SourceTitle "CBM 215 Extra"]
[Source "ChessBase"]
[SourceDate "2023.09.30"]
[SourceVersion "1"]
[SourceVersionDate "2023.09.30"]
[SourceQuality "1"]

1. e4 c5 2. Nf3 e6 3. d4 cxd4 4. Nxd4 Nf6 5. Nc3 Nc6 6. Ndb5 d6 7. Bf4 e5 8. Bg5 a6 9. Na3 b5 10. Nd5 Be7 11. Bxf6 Bxf6 12. c3 Rb8 13. Nc2 Bg5 14. a4 bxa4 15. Ncb4 Nxb4 16. cxb4 Bd7 17. Bxa6 0-0 18. b3 axb3 19. Qxb3 Be6 20. Bc4 Kh8 21. 0-0 f5 22. exf5 Rxf5 23. Kh1 e4 24. Rad1 Qf8 25. Qb1 Re5 26. Ne3 d5 1/2-1/2

[Event "Wch U14 blitz"]
[Site "Batumi"]
[Date "2023.06.10"]
[Round "3"]
[White "Timoshenko, Anton"]
[Black "Ratajczak, Hubert"]
[Result "1-0"]
[WhiteElo "1721"]
[BlackElo "2035"]
[PlyCount "113"]
[EventDate "2023.06.10"]
[EventType "swiss (blitz)"]
[EventRounds "11"]
[EventCountry "GEO"]
[SourceTitle "EXT 2024"]
[Source "ChessBase"]
[SourceDate "2023.10.10"]
[SourceVersion "1"]
[SourceVersionDate "2023.10.10"]
[SourceQuality "1"]
[WhiteTeam "FIDE"]
[BlackTeam "Poland"]
[BlackTeamCountry "POL"]

1. d4 Nf6 2. Nf3 g6 3. Bf4 Bg7 4. e3 0-0 5. Bc4 c5 6. c3 d5 7. Be2 b6 8. h3 Bb7 9. 0-0 Nc6 10. a4 Nd7 11. Bh2 e5 12. Na3 a6 13. Nc2 Re8 14. Re1 Rc8 15. b4 cxb4 16. cxb4 e4 17. Nd2 Bf8 18. Rb1 f5 19. b5 axb5 20. axb5 Na5 21. Nb4 Bxb4 22. Rxb4 Qe7 23. Qb1 Rc3 24. Rb2 Rec8 25. Qa2 Rc1 26. Rxc1 Rxc1+ 27. Nf1 Rc3 28. Bg3 g5 29. Nd2 f4 30. exf4 e3 31. Nf3 exf2+ 32. Bxf2 gxf4 33. Rc2 Qb4 34. Rxc3 Qxc3 35. Be1 Qe3+ 36. Bf2 Qb3 37. Qd2 Qb1+ 38. Kh2 Qf5 39. Bd3 Nc4 40. Bxf5 Nxd2 41. Nxd2 Nf6 42. Bh4 Ne8 43. Bd3 Kf7 44. Bg5 Nd6 45. Bxf4 Ne8 46. Be5 h6 47. g4 Bc8 48. Kg3 Bd7 49. Nf3 Ke7 50. h4 Kf7 51. Kf4 Nf6 52. Bxf6 Kxf6 53. g5+ hxg5+ 54. hxg5+ Kg7 55. Ke5 Bg4 56. Nd2 Be2 57. Bxe2 1-0

[Event "Wch U14 rapid"]
[Site "Batumi"]
[Date "2023.06.08"]
[Round "9"]
[White "Ratajczak, Hubert"]
[Black "Averin, Nikolay"]
[Result "0-1"]
[WhiteElo "2051"]
[BlackElo "2295"]
[PlyCount "192"]
[EventDate "2023.06.06"]
[EventType "swiss (rapid)"]
[EventRounds "11"]
[EventCountry "GEO"]
[SourceTitle "EXT 2024"]
[Source "ChessBase"]
[SourceDate "2023.10.10"]
[SourceVersion "1"]
[SourceVersionDate "2023.10.10"]
[SourceQuality "1"]
[WhiteTeam "Poland"]
[BlackTeam "FIDE"]
[WhiteTeamCountry "POL"]

1. c4 e6 2. Nf3 d5 3. e3 Nf6 4. Nc3 Be7 5. b3 c5 6. cxd5 exd5 7. Bb5+ Nc6 8. d4 0-0 9. 0-0 Bg4 10. dxc5 Bxc5 11. Be2 a6 12. Bb2 Rc8 13. Rc1 Ba7 14. Nd4 Be6 15. Nxc6 Rxc6 16. Bf3 Qd6 17. Qd2 Rd8 18. Rfd1 Bb8 19. g3 Rc7 20. Ne2 Rcd7 21. Qd4 Qe7 22. Nf4 Bd6 23. h4 Ba3 24. Bxa3 Qxa3 25. Rc2 h6 26. Rcd2 Qe7 27. Nd3 Rc7 28. Nf4 Rcd7 29. Qe5 Kf8 30. Kg2 Qe8 31. Kg1 Qe7 32. a4 Qe8 33. b4 Qe7 34. b5 axb5 35. axb5 Qe8 36. Rc1 Qe7 37. b6 Rd6 38. Qd4 Ne8 39. Rdc2 Qd7 40. Nd3 Bf5 41. Nc5 Qe7 42. Rb2 Nf6 43. Ra1 Rc6 44. Nb3 Rc4 45. Qd2 Ne4 46. Qe1 Rb4 47. Qe2 Rxb6 48. Nd4 Rxb2 49. Qxb2 Bc8 50. Rc1 Nf6 51. Qb6 Ne8 52. Bxd5 Nd6 53. Bg2 Kg8 54. Rc7 Qf6 55. Bd5 Re8 56. e4 Rf8 57. Qc5 Re8 58. f4 Qg6 59. Kg2 b6 60. Qxb6 Bg4 61. Bxf7+ Qxf7 62. Rxf7 Nxf7 63. e5 h5 64. e6 Nh6 65. Qd6 Nf5 66. Qd7 Rf8 67. e7 Ne3+ 68. Kf2 Nd1+ 69. Ke1 Bxd7 70. exf8Q+ Kxf8 71. Kxd1 g6 72. Kd2 Kg7 73. Ke3 Kf6 74. Ke4 Bc8 75. Nb5 Bb7+ 76. Ke3 Bc6 77. Nd6 Ke6 78. Nc4 Kf5 79. Kd4 Ba8 80. Ne3+ Ke6 81. Kc5 Bh1 82. Kd4 Ba8 83. Kd3 Kf6 84. Ke2 Bc6 85. Kf2 Ke6 86. Kg1 Bf3 87. Kf2 Bc6 88. g4 hxg4 89. Nxg4 Kf5 90. Kg3 Bb7 91. Ne3+ Kf6 92. Kf2 Ba8 93. Kg3 Bb7 94. Kg4 Bc8+ 95. Kg3 Bb7 96. f5 Be4 0-1

[Event "Wch U14 rapid"]
[Site "Batumi"]
[Date "2023.06.08"]
[Round "11"]
[White "Ratajczak, Hubert"]
[Black "Hovakimyan, Vache"]
[Result "0-1"]
[WhiteElo "2051"]
[BlackElo "1857"]
[PlyCount "112"]
[EventDate "2023.06.06"]
[EventType "swiss (rapid)"]
[EventRounds "11"]
[EventCountry "GEO"]
[SourceTitle "EXT 2024"]
[Source "ChessBase"]
[SourceDate "2023.10.10"]
[SourceVersion "1"]
[SourceVersionDate "2023.10.10"]
[SourceQuality "1"]
[WhiteTeam "Poland"]
[BlackTeam "Armenia"]
[WhiteTeamCountry "POL"]
[BlackTeamCountry "ARM"]

1. c4 Nf6 2. Nc3 g6 3. e4 d6 4. d4 Bg7 5. h4 0-0 6. h5 c5 7. h6 Bh8 8. d5 b5 9. cxb5 a6 10. a4 axb5 11. Bxb5 Ba6 12. f3 Nxe4 13. fxe4 Bxc3+ 14. bxc3 Bxb5 15. Bd2 Bc4 16. Nf3 Nd7 17. Ng5 Ne5 18. Kf2 Qd7 19. Rh3 f5 20. Ne6 Rf7 21. Kg1 fxe4 22. Bg5 Nd3 23. Qd2 Bxd5 24. Nf4 Nxf4 25. Bxf4 Bc4 26. a5 Qb5 27. Re1 Bd3 28. Qe3 Qxa5 29. c4 Rxf4 30. Rd1 Raf8 31. Kh2 Qc3 32. Rc1 Qd4 33. Qg3 Rf1 34. Rxf1 Rxf1 35. Qg4 Qg1+ 36. Kg3 Qe3+ 37. Kh2 Qf4+ 38. Qxf4 Rxf4 39. g4 Rxg4 40. Re3 Kf7 41. Re1 Rh4+ 42. Kg3 Rxh6 43. Kg4 Rh5 44. Kf4 Rf5+ 45. Kg4 h5+ 46. Kg3 g5 47. Kh3 Rf3+ 48. Kg2 h4 49. Ra1 h3+ 50. Kh2 Bxc4 51. Rc1 Bf1 52. Re1 e3 53. Kg1 e2 54. Kh2 g4 55. Ra1 c4 56. Rxf1 exf1N+ 0-1

[Event "POL-chT 2nd League"]
[Site "Jastrzebia Gora"]
[Date "2022.09.06"]
[Round "4.5"]
[White "Ratajczak, Hubert"]
[Black "Krainski, Slawomir"]
[Result "0-1"]
[WhiteElo "2056"]
[BlackElo "1982"]
[PlyCount "98"]
[EventDate "2022.09.03"]
[EventType "team-swiss"]
[EventRounds "9"]
[EventCountry "POL"]
[SourceTitle "CBM 210 Extra"]
[Source "ChessBase"]
[SourceDate "2022.11.30"]
[SourceVersion "1"]
[SourceVersionDate "2022.11.30"]
[SourceQuality "1"]
[WhiteTeam "Bydgoszcz Energia Gwiazda"]
[BlackTeam "Grudziadz Rotmistrz"]
[WhiteTeamCountry "POL"]
[BlackTeamCountry "POL"]

1. c4 e6 2. Nf3 d5 3. e3 Nf6 4. b3 Nbd7 5. Bb2 Bd6 6. Nc3 a6 7. cxd5 exd5 8. d4 0-0 9. Bd3 Re8 10. 0-0 b6 11. Nh4 g6 12. Qf3 Ne4 13. g3 Nd2 14. Qxd5 Rb8 15. Nf5 Bf8 16. Bc4 Qf6 17. Nh4 g5 18. Ng2 b5 19. Qxf7+ Qxf7 20. Bxf7+ Kxf7 21. Rfd1 Nf3+ 22. Kh1 Nf6 23. Rac1 Bb7 24. Rc2 Rbd8 25. Rdc1 c5 26. dxc5 Bxc5 27. Nxb5 Bb6 28. Bxf6 Kxf6 29. Nc3 Rd3 30. e4 Bxe4 31. Nxe4+ Rxe4 32. Rc3 Rxc3 33. Rxc3 g4 34. Ne3 Bxe3 35. fxe3 Re6 36. Rc4 h5 37. h3 Kg5 38. hxg4 hxg4 39. Rc5+ Re5 40. Rxe5+ Nxe5 41. Kg1 Kf5 42. Kf1 Ke4 43. Ke2 Nc6 44. a3 Na5 45. b4 Nc4 46. a4 Nxe3 47. b5 axb5 48. axb5 Nc4 49. Kd1 Kf3 0-1

[Event "Warsaw Najdorf Memorial op-A"]
[Site "Warsaw"]
[Date "2022.07.14"]
[Round "6"]
[White "Ratajczak, Hubert"]
[Black "Golecki, Jan"]
[Result "1-0"]
[WhiteElo "1943"]
[BlackElo "2219"]
[PlyCount "86"]
[EventDate "2022.07.09"]
[EventType "swiss"]
[EventRounds "9"]
[EventCountry "POL"]
[SourceTitle "CBM 209 Extra"]
[Source "ChessBase"]
[SourceDate "2022.09.30"]
[SourceVersion "1"]
[SourceVersionDate "2022.09.30"]
[SourceQuality "1"]

1. e4 c5 2. Nf3 e6 3. d4 cxd4 4. Nxd4 a6 5. Bd3 Bc5 6. Nb3 Ba7 7. Qe2 Nc6 8. Be3 Nf6 9. Nc3 Qc7 10. 0-0 b5 11. a4 b4 12. Nd1 d6 13. Bxa7 Rxa7 14. Ne3 e5 15. Rad1 Be6 16. Nd5 Nxd5 17. exd5 Bxd5 18. Bxa6 Be6 19. Bb5 0-0 20. Qe3 Ne7 21. Qe4 d5 22. Qxb4 Qxc2 23. Nc5 Qg6 24. Nxe6 fxe6 25. Qd6 e4 26. Bd7 Kf7 27. Bb5 Nf5 28. Qe5 Kg8 29. Rc1 Nh4 30. Qg3 Qf6 31. Rc6 Nf5 32. Qf4 Qxb2 33. Rxe6 Nd4 34. Qe5 h6 35. Re8 Rxe8 36. Qxe8+ Kh7 37. Bd7 Ne2+ 38. Kh1 Qf6 39. Be6 Re7 40. Bg8+ Kh8 41. Qc8 Rc7 42. Qxc7 Kxg8 43. Qc5 d4 1-0

[Event "Warsaw Maciei Memorial"]
[Site "Warsaw"]
[Date "2022.07.08"]
[Round "2"]
[White "Wieczorek, Oskar"]
[Black "Ratajczak, Hubert"]
[Result "1-0"]
[WhiteElo "2505"]
[BlackElo "1943"]
[PlyCount "87"]
[EventDate "2022.07.08"]
[EventType "swiss (blitz)"]
[EventRounds "11"]
[EventCountry "POL"]
[SourceTitle "CBM 209 Extra"]
[Source "ChessBase"]
[SourceDate "2022.09.30"]
[SourceVersion "1"]
[SourceVersionDate "2022.09.30"]
[SourceQuality "1"]

1. e4 c5 2. Nf3 d6 3. d4 cxd4 4. Nxd4 Nf6 5. Nc3 g6 6. Be3 Bg7 7. f3 0-0 8. Qd2 Nc6 9. Bc4 Qa5 10. Bb3 Nxd4 11. Bxd4 Be6 12. 0-0-0 b5 13. Kb1 b4 14. Nd5 Bxd5 15. exd5 Rfc8 16. h4 Nd7 17. Bxg7 Kxg7 18. h5 Nf6 19. hxg6 fxg6 20. Rde1 Rc7 21. g4 Rh8 22. g5 Nh5 23. Qd4+ Kg8 24. Qg4 Qc5 25. Re4 Kg7 26. Rc4 Qb6 27. Rxc7 Qxc7 28. Qd4+ Kg8 29. Qxb4 Kf7 30. Re1 Ng3 31. Qd4 Re8 32. Qh4 Nh5 33. Qg4 Qa5 34. c3 Ng7 35. Qh3 Qc5 36. Qxh7 Qf2 37. Rc1 Rg8 38. Bc2 Qxf3 39. Qxg6+ Kf8 40. Qh6 Ke8 41. Qh7 Qf8 42. Bd3 e5 43. Rf1 Qe7 44. Qxg8+ 1-0

[Event "Bydgoszcz op-A"]
[Site "Bydgoszcz"]
[Date "2022.06.25"]
[Round "1"]
[White "Ratajczak, Hubert"]
[Black "Sernecki, Franciszek"]
[Result "1/2-1/2"]
[WhiteElo "1943"]
[BlackElo "2260"]
[PlyCount "60"]
[EventDate "2022.06.25"]
[EventType "swiss"]
[EventRounds "10"]
[EventCountry "POL"]
[SourceTitle "CBM 209 Extra"]
[Source "ChessBase"]
[SourceDate "2022.09.30"]
[SourceVersion "1"]
[SourceVersionDate "2022.09.30"]
[SourceQuality "1"]

1. c4 Nf6 2. Nc3 e6 3. e4 d5 4. cxd5 exd5 5. e5 Ne4 6. Nf3 Bf5 7. d3 Nxc3 8. bxc3 c5 9. d4 Nc6 10. Bd3 Bxd3 11. Qxd3 c4 12. Qf5 Qc8 13. Qf4 Qe6 14. 0-0 Be7 15. Rb1 Rb8 16. Ng5 Bxg5 17. Qxg5 0-0 18. Ba3 f6 19. exf6 Rxf6 20. Rfe1 Qf7 21. Rb2 Re6 22. Rbe2 Rbe8 23. Re3 Rxe3 24. Rxe3 Rxe3 25. fxe3 Qe6 26. Qf4 h6 27. Kf2 Qg6 28. g4 Qb1 29. Kf3 Qf1+ 30. Kg3 Qe1+ 1/2-1/2

[Event "POL Cup op blitz"]
[Site "Lodz"]
[Date "2021.08.08"]
[Round "9"]
[White "Andrejczuk, Beata"]
[Black "Ratajczak, Hubert"]
[Result "1-0"]
[WhiteElo "2011"]
[BlackElo "1881"]
[PlyCount "91"]
[EventDate "2021.08.08"]
[EventType "swiss (blitz)"]
[EventRounds "13"]
[EventCountry "POL"]
[SourceTitle "CBM 203 Extra"]
[Source "ChessBase"]
[SourceDate "2021.09.30"]
[SourceVersion "1"]
[SourceVersionDate "2021.09.30"]
[SourceQuality "1"]

1. e4 e5 2. Nf3 Nf6 3. Nc3 Nc6 4. a3 d6 5. Bc4 Nxe4 6. Bxf7+ Kxf7 7. Nxe4 d5 8. Neg5+ Kg8 9. h4 h6 10. Nh3 Bg4 11. d3 Be7 12. Be3 Bxh4 13. Nhg1 Bf6 14. Ne2 d4 15. Bd2 Qd5 16. Ng3 Ne7 17. Ne4 Qe6 18. Qe2 Ng6 19. 0-0-0 Qa2 20. Bb4 Nf4 21. Nxf6+ gxf6 22. Qe4 Qd5 23. Rde1 Qxe4 24. Rxe4 Bxf3 25. gxf3 Kh7 26. Bd2 Rhg8 27. Bxf4 exf4 28. Rxf4 c5 29. Rxf6 Raf8 30. Rhxh6+ Kg7 31. Rhg6+ Kh7 32. Rxf8 Rxf8 33. Rg3 b5 34. Kd2 a5 35. Rg5 Rc8 36. Re5 Kg6 37. f4 b4 38. a4 Kf6 39. Ke2 Rc7 40. Kf3 c4 41. Rxa5 b3 42. cxb3 c3 43. bxc3 dxc3 44. Ra6+ Kf7 45. Rh6 c2 46. Rh7+ 1-0

[Event "POL-ch U12"]
[Site "Uniejow"]
[Date "2021.07.24"]
[Round "8"]
[White "Liskiewicz, Jakub"]
[Black "Ratajczak, Hubert"]
[Result "0-1"]
[WhiteElo "1562"]
[BlackElo "1615"]
[PlyCount "128"]
[EventDate "2021.07.18"]
[EventType "swiss"]
[EventRounds "9"]
[EventCountry "POL"]
[SourceTitle "EXT 2022"]
[Source "ChessBase"]
[SourceDate "2021.10.06"]
[SourceVersion "1"]
[SourceVersionDate "2021.10.06"]
[SourceQuality "1"]

1. d4 Nf6 2. c4 g6 3. Nc3 Bg7 4. e4 d6 5. Nf3 0-0 6. Be2 e5 7. 0-0 Nc6 8. dxe5 dxe5 9. Qxd8 Rxd8 10. Bg5 Nd4 11. Nxd4 Rxd4 12. Nb5 Nxe4 13. Nxd4 exd4 14. Bf4 c6 15. Bf3 Nc5 16. Rad1 Bf5 17. Bd6 Na4 18. Rd2 d3 19. g4 Bh6 20. Rdd1 Rd8 21. c5 Be6 22. Rxd3 Nxc5 23. Rdd1 Nd7 24. Rfe1 Bf8 25. Bc7 Rc8 26. Rxe6 Rxc7 27. Re8 Kg7 28. g5 Bc5 29. Bg4 f5 30. Rxd7+ Rxd7 31. Be2 Rd2 32. Bc4 h6 33. gxh6+ Kxh6 34. Re2 Rd4 35. Bb3 Rg4+ 36. Kf1 a5 37. Rc2 Bd6 38. h3 Rd4 39. Rc4 Rd2 40. Rc2 Rd1+ 41. Kg2 Re1 42. Bc4 Bf4 43. b3 b5 44. Bf7 Kg7 45. Bxg6 Kxg6 46. Rxc6+ Kg5 47. Ra6 Bc7 48. Rc6 Re7 49. h4+ Kg4 50. Rc5 b4 51. h5 f4 52. f3+ Kh4 53. h6 Rh7 54. Kh2 Bd6 55. Rxa5 Rxh6 56. Ra4 Re6 57. Kg2 Re2+ 58. Kf1 Rd2 59. Ke1 Rd3 60. Ke2 Re3+ 61. Kf2 Bc5 62. Ra5 Rc3+ 63. Ke2 Kg3 64. Ra8 Re3+ 0-1

[Event "Lazy Baltic Pearl op-A 17th"]
[Site "Lazy"]
[Date "2021.07.05"]
[Round "8"]
[White "Jedrusik, Adam"]
[Black "Ratajczak, Hubert"]
[Result "1/2-1/2"]
[WhiteElo "1956"]
[BlackElo "1615"]
[PlyCount "76"]
[EventDate "2021.06.27"]
[EventType "swiss"]
[EventRounds "9"]
[EventCountry "POL"]
[SourceTitle "EXT 2022"]
[Source "ChessBase"]
[SourceDate "2021.10.06"]
[SourceVersion "1"]
[SourceVersionDate "2021.10.06"]
[SourceQuality "1"]

1. d4 Nf6 2. c4 c5 3. d5 b5 4. cxb5 a6 5. bxa6 g6 6. Nc3 Bg7 7. g3 0-0 8. Bg2 d6 9. Nf3 Nbd7 10. 0-0 Bxa6 11. Rb1 Qa5 12. Bd2 Qc7 13. Qc1 Rfb8 14. Bh6 Bh8 15. h3 Nb6 16. b3 Nbxd5 17. Nxd5 Nxd5 18. Nd4 e6 19. Bxd5 exd5 20. Nf5 Qd8 21. Ne3 d4 22. Nd5 Bxe2 23. Re1 d3 24. Bg5 f6 25. Bh6 Bg7 26. Bxg7 Kxg7 27. Nf4 Qd7 28. Rb2 Re8 29. Nxe2 dxe2 30. Rbxe2 Rxe2 31. Rxe2 Re8 32. Rd2 Re5 33. Kh2 Qc6 34. Qd1 d5 35. f4 Rf5 36. b4 d4 37. bxc5 Rxc5 38. Rxd4 Rc1 1/2-1/2

[Event "Polanica Zdroj op-D 56th"]
[Site "Polanica Zdroj"]
[Date "2020.08.15"]
[Round "1"]
[White "Darowicki, Mariusz"]
[Black "Ratajczak, Hubert"]
[Result "1-0"]
[WhiteElo "1950"]
[BlackElo "1513"]
[PlyCount "120"]
[EventDate "2020.08.15"]
[EventType "swiss"]
[EventRounds "9"]
[EventCountry "POL"]
[SourceTitle "CBM 198 Extra"]
[Source "ChessBase"]
[SourceDate "2020.11.30"]
[SourceVersion "1"]
[SourceVersionDate "2020.11.30"]
[SourceQuality "1"]

1. d4 Nf6 2. Nf3 g6 3. h4 Bg7 4. Bg5 d5 5. Bxf6 exf6 6. h5 0-0 7. h6 Bh8 8. e3 Be6 9. Nbd2 f5 10. c3 Nd7 11. Be2 c6 12. g3 Bf6 13. Kf1 Qc7 14. Kg2 Rfe8 15. Rc1 Nb6 16. b3 Re7 17. Qc2 a5 18. c4 Rae8 19. c5 Nd7 20. Rb1 Nb8 21. b4 axb4 22. Rxb4 Na6 23. Rb6 Bc8 24. Bxa6 bxa6 25. Qa4 Re6 26. Qc2 f4 27. gxf4 Bd8 28. Nf1 f6 29. Ng3 Qd7 30. Rbb1 R6e7 31. Qa4 Bc7 32. Rbg1 Kh8 33. Qc2 Rg8 34. Rh2 g5 35. fxg5 Bxg3 36. fxg3 Rxe3 37. Rf1 Qc7 38. Qf2 Re6 39. Re1 Qf7 40. Rxe6 Qxe6 41. gxf6 Qxf6 42. Ne5 Bf5 43. g4 Be4+ 44. Kg3 Bf5 45. Rh5 Qe6 46. Qxf5 Qxf5 47. Rxf5 Rb8 48. Nd7 Rd8 49. Rf8+ Rxf8 50. Nxf8 Kg8 51. Ne6 a5 52. Nd8 a4 53. Nxc6 Kf7 54. Ne5+ Ke6 55. c6 Kd6 56. g5 a3 57. g6 hxg6 58. h7 Ke6 59. h8Q Kf5 60. Kf3 Kg5 1-0